00441nam a22001337a 4500003000500000082000800005100002000013245008000033264003700113300003100150650003600181700003200217856005800249NUST a621 aHafeez ,Ossama  aBiomimetic Study of Hydrodynamic Analysis of Flapping Fish /cOssama Hafeez aIslamabad: bSMME- NUST. c2021. a62p. ;bSoft Copy, c30cm. aMS Mechanical Engineering  aSupervisor : Dr. Emad Uddin u http://10.250.8.41:8080/xmlui/handle/123456789/26328